000 00780nam a2200145 a 4500
008 101018s2002 ||||||||||||||||| || u
050 _aGOV.ZAM(058)ZNAP/2001
110 _aGovernment of the Republic of Zambia. Ministry of Education
245 1 0 _aLearning achievement at the middle basic level: report on Zambia national assessment project - 2001
_cPrepared by J. Kanyika (and others)
260 _aLusaka:
_bMOE
_c2002
350 _a0.00
500 _aBy the Examinations Council of Zambia (ECZ) on behalf of The Basic Education Sub-Sector Investment Programme (BESSIP)
650 _aEDUCATION--ASSESSMENT, ZAMBIA
995 _D0.00
_FCBU-MAIN LIBRARY (Kitwe)
_H1
_I0.00
_M1
_UAVAILABLE
_WOct 18, 2010
_ZZambiana Collection
999 _c49007
_d49007